000
00304nam a22001337a 4500
008
180115b xxu||||| |||| 00| 0 eng d
020
_a
9780470251386
041
_a
eng
080
_2
5th
_a
612.39
100
_a
10
101
_a
NUT
245
_a
Food beverage cost control
_c
Dopson,L.R
942
_2
udc
_c
BK
999
_c
40314
_d
40314